| 000 | 00551nam a22001575i 4500 | ||
|---|---|---|---|
| 001 | 165194 | ||
| 003 | ES-MaACL | ||
| 005 | 20230906213101.0 | ||
| 008 | 000210s1878 fr |||| | fre d | ||
| 100 | 1 |
_aSepet, Marius. _9132651 |
|
| 245 | 1 | 3 |
_aLe drame chretien au moyen age / _cpar Marius Sepet. |
| 260 |
_aParis : _bLibrairie Academique Didier et Cie., _c1878 ( _fTyp. Pillet et Dumoulin) |
||
| 300 |
_aXII, 296 p. ; _c18 cm. |
||
| 650 | 4 |
_aTeatro francés- _yHasta S.XV- _xHistoria y crítica. _9174698 |
|
| 852 | 4 |
_aES-MaACL _jF-9528 _z- Enc. hol. |
|
| 999 |
_c165194 _d165194 |
||